000 00381nam a2200133Ia 4500
008 210210b2000 xxu||||| |||| 00| 0 eng d
082 _a530.028 RAOL
100 _aRAO (V Ranganayaki) and others.
245 _aLaboratory manual in physics: II year PUC.
260 _aBangalore
_bModern educational series publications
_c2000
300 _a40
690 _aPhysics
906 _a046227
999 _c95734
_d95734